| 000 | 01090nam a22002657a 4500 | ||
|---|---|---|---|
| 999 |
_c64202 _d64202 |
||
| 005 | 20240530110719.0 | ||
| 008 | 180319s2017 ua a g b 000 0 ara d | ||
| 017 |
_a2017/2101 _bمصر. دار الكتب |
||
| 020 | _a9789777951128 | ||
| 040 |
_aEG-CaGPL _cEG-CaGPL |
||
| 082 | 0 | 4 |
_221 _a201.1/ _bم ر |
| 100 | 0 | _aمحمد عادل الحلو | |
| 245 | 1 | 0 |
_aرحلة العلم من الالحاد الى الايمان : _bقصة الاكتشافات العلمية الاخيرة التى كشفت تفاصيل قصة الخلق واثبتت وجود خالق لهذا الكون / _cمحمد عادل الحلو . |
| 260 |
_aالقاهرة : _bالدار المصرية اللبنانية ، _c2017 . |
||
| 300 |
_a334 ص. ؛ _c22 سم. |
||
| 600 | 0 | _aنيوتن | |
| 600 | 0 | _aاينشتاين | |
| 650 | 0 | 7 |
_2qrmak _aالعلم والدين |
| 650 | 0 | 7 |
_2qrmak _aنشاة الارض |
| 650 | 0 | 7 |
_2qrmak _aالنظرية الداروينية |
| 650 | 0 | 7 |
_2qrmak _aالالحاد |
| 651 | _2qrmak | ||
| 942 |
_2ddc _cBK |
||